| 000 | 00613nam a2200193 i 4500 | ||
|---|---|---|---|
| 001 | 32316 | ||
| 003 | ES-MaACL | ||
| 005 | 20230910063043.0 | ||
| 007 | t| | ||
| 008 | 030131s1935 sp ||||1| spa d | ||
| 100 | 1 |
_aBenito, José de, _d1901-1992 _927662 |
|
| 245 | 1 | 4 |
_aLas compañías de Ferrocarriles en quiebra _b: una sangría agotadora del Estado Español / _cJosé L. de Benito. |
| 260 |
_aMadrid : _b[s.n., _c1935] ( _fMarsiega) |
||
| 300 |
_a320 p. ; _c20 cm. |
||
| 650 | 7 |
_9136097 _aFerrocarriles |
|
| 942 |
_2udc _cMONOGRAFIA |
||
| 999 |
_c32316 _d32316 |
||